[Event "Championnat de Paris"]
[Site "Paris FRA"]
[Date "2006.07.13"]
[Round "6"]
[White "Pira, Davoud"]
[Black "Moradiabadi, Elshan"]
[Result "0-1"]
[WhiteElo "2386"]
[BlackElo "2502"]
[PlyCount "68"]
[EventDate "2006.??.??"]

1. g3 d5 2. Bg2 Nf6 3. d3 c6 4. Nd2 Bg4 5. h3 Bh5 6. f4 Qb6 7. c3 e6 8. Qb3 Qc7
9. Ngf3 Nbd7 10. O-O Bd6 11. d4 O-O 12. e3 Bg6 13. Ne5 Bxe5 14. fxe5 Nh5 15.
Rf3 Be4 16. Nxe4 dxe4 17. Rf2 Nxg3 18. Qd1 f5 19. Kh2 Nxe5 20. dxe5 Qxe5 21.
Kg1 Rad8 22. Rd2 Qc7 23. Qe1 Rd3 24. Rxd3 exd3 25. Bd2 Rf6 26. Qf2 Ne4 27. Bxe4
fxe4 28. Qh4 Qf7 29. Be1 Rf1+ 30. Kh2 h6 31. Qxe4 d2 32. Bxd2 Qf2+ 33. Qg2
Qxg2+ 34. Kxg2 Rxa1 0-1

[Event "Championnat de Paris"]
[Site "Paris FRA"]
[Date "2006.07.13"]
[Round "6"]
[White "Fridman, Daniel"]
[Black "Jovanic, Ognjen"]
[Result "1-0"]
[WhiteElo "2569"]
[BlackElo "2564"]
[PlyCount "59"]
[EventDate "2006.??.??"]

1. d4 d5 2. c4 c6 3. Nc3 Nf6 4. Nf3 dxc4 5. a4 Bf5 6. Ne5 Nbd7 7. Nxc4 Qc7 8.
g3 e5 9. dxe5 Nxe5 10. Bf4 Nfd7 11. Bg2 g5 12. Ne3 gxf4 13. Nxf5 O-O-O 14. Qc2
Nc5 15. O-O fxg3 16. hxg3 a5 17. Rfd1 h5 18. Rxd8+ Qxd8 19. Rd1 Qc7 20. Nd4 Kb8
21. Qf5 Ng6 22. Qf6 Rh7 23. Nxc6+ bxc6 24. Rd8+ Kb7 25. Bxc6+ Qxc6 26. Rb8+
Kxb8 27. Qxc6 Ne6 28. Nd5 Be7 29. Nxe7 Nxe7 30. Qd6+ 1-0

[Event "Championnat de Paris"]
[Site "Paris FRA"]
[Date "2006.07.13"]
[Round "6"]
[White "Dizdar, Goran"]
[Black "Fedorchuk, Sergey A"]
[Result "1/2-1/2"]
[WhiteElo "2521"]
[BlackElo "2592"]
[PlyCount "84"]
[EventDate "2006.??.??"]

1. d4 Nf6 2. Nf3 e6 3. e3 b6 4. c4 Bb7 5. Nc3 Bb4 6. Bd3 O-O 7. O-O Re8 8. Bd2
d6 9. Qc2 e5 10. dxe5 dxe5 11. Ne4 Nxe4 12. Bxe4 Bxe4 13. Qxe4 Na6 14. Bxb4
Nxb4 15. Rfd1 Qf6 16. a3 Nc6 17. Rd7 Rad8 18. Rad1 Nb8 19. Rxd8 Rxd8 20. Rd5 c6
21. Rxd8+ Qxd8 22. g4 f6 23. g5 Qd7 24. gxf6 gxf6 25. Nh4 Na6 26. b4 Nc7 27.
Nf5 Kf8 28. Qf3 Ne6 29. Ng3 Kf7 30. Qf5 Nf8 31. Qf3 Ng6 32. Nf5 Kf8 33. Qe4 Kf7
34. h4 Kf8 35. Qf3 Ne7 36. Ng3 Qe6 37. Qh5 Qf7 38. Qh6+ Qg7 39. Qh5 f5 40. Kf1
Qf7 41. Qh6+ Ke8 42. Kg2 Qg6 1/2-1/2

[Event "Championnat de Paris"]
[Site "Paris FRA"]
[Date "2006.07.13"]
[Round "6"]
[White "Salaun, Yann"]
[Black "Tregubov, Pavel V"]
[Result "0-1"]
[WhiteElo "2312"]
[BlackElo "2594"]
[PlyCount "96"]
[EventDate "2006.??.??"]

1. d4 Nf6 2. c4 c5 3. d5 b5 4. Nd2 bxc4 5. e4 g6 6. Bxc4 d6 7. b3 Bg7 8. Bb2
O-O 9. Ngf3 e5 10. dxe6 fxe6 11. O-O d5 12. Bd3 Nc6 13. Ne5 Bb7 14. Nxc6 Bxc6
15. Qc2 Rc8 16. Rad1 Qb6 17. exd5 exd5 18. Nf3 Bb7 19. Rfe1 Qc7 20. Be5 Qc6 21.
Ng5 h6 22. Nf3 g5 23. Bf5 Rce8 24. Bg6 Re7 25. Rc1 d4 26. Bd3 Rfe8 27. h3 Rxe5
28. Rxe5 Rxe5 29. Bb5 Qe4 30. Bd3 Qc6 31. Bb5 Qxb5 32. Nxe5 Ne4 33. Nc4 d3 34.
Qxd3 Bd4 35. Rc2 Qe8 36. Re2 Qe6 37. Nd2 Nxf2 38. Qxd4 Nxh3+ 39. gxh3 Qxe2 40.
Qc4+ Qxc4 41. Nxc4 Kg7 42. Kf2 Kf6 43. Kg3 Bd5 44. Na3 Ke5 45. h4 gxh4+ 46.
Kxh4 a6 47. Nc2 Ke4 48. Kh5 Kd3 0-1

[Event "Championnat de Paris"]
[Site "Paris FRA"]
[Date "2006.07.13"]
[Round "6"]
[White "Shchekachev, Andrei"]
[Black "Onkoud, Abdelaziz"]
[Result "1-0"]
[WhiteElo "2593"]
[BlackElo "2427"]
[PlyCount "87"]
[EventDate "2006.??.??"]

1. Nf3 g6 2. c4 Bg7 3. d4 d6 4. Nc3 Nd7 5. e4 e5 6. Be2 Ne7 7. d5 a5 8. h4 h6
9. h5 g5 10. g4 Nc5 11. Nh2 c6 12. Be3 Na6 13. Nf1 c5 14. Nd2 Bd7 15. a3 f6 16.
Rb1 O-O 17. Bd3 Nc8 18. Bc2 Rf7 19. Ba4 Na7 20. Bxd7 Qxd7 21. Qe2 Bf8 22. f3
Be7 23. b3 Bd8 24. Kf2 b6 25. Rhc1 Qe8 26. Nb5 Nc8 27. Rc2 Rb7 28. Rbb2 Qd7 29.
Nb1 Na7 30. N1c3 Nc8 31. Na2 Nc7 32. Nbc3 Na6 33. b4 Rab8 34. Rb1 Kf7 35. Rcb2
axb4 36. axb4 Nxb4 37. Nxb4 cxb4 38. Rxb4 Ra7 39. c5 dxc5 40. Bxc5 Rba8 41. Be3
Be7 42. Rc4 Ra1 43. Rxa1 Rxa1 44. Rc6 1-0

[Event "Championnat de Paris"]
[Site "Paris FRA"]
[Date "2006.07.13"]
[Round "6"]
[White "Forthofer, Robert"]
[Black "Zatonskih, Anna"]
[Result "0-1"]
[WhiteElo "2255"]
[BlackElo "2432"]
[PlyCount "130"]
[EventDate "2006.??.??"]

1. e4 d5 2. d4 dxe4 3. Nc3 Bf5 4. g4 Bg6 5. Bg2 Nf6 6. g5 Nd5 7. Nxe4 c6 8. Ne2
e6 9. c4 Ne7 10. Qb3 Bxe4 11. Bxe4 Qb6 12. Qd3 g6 13. h4 Na6 14. c5 Qd8 15. h5
Qd7 16. Bf4 O-O-O 17. hxg6 Nxg6 18. Bxg6 fxg6 19. Be5 Bg7 20. Bxg7 Qxg7 21. Qe3
Nc7 22. O-O-O Rhe8 23. Qe5 Qf7 24. Nc3 Rf8 25. Ne4 Ne8 26. Rh4 Rd5 27. Qh2 Qf3
28. Nf6 Nxf6 29. Rf4 Qh5 30. Qxh5 gxh5 31. gxf6 Rg5 32. Re1 Kd7 33. Re5 h6 34.
Kd2 Rg4 35. Rxg4 hxg4 36. Re4 Rxf6 37. Rxg4 Rxf2+ 38. Ke3 Rf7 39. Rg6 Rh7 40.
Kf4 h5 41. Kg3 h4+ 42. Kh3 Ke7 43. Rg8 Kf6 44. b4 Kf5 45. Rd8 Ke4 46. Rd6 Kd3
47. a4 Kc4 48. b5 cxb5 49. c6 bxc6 50. Rxc6+ Kxd4 51. axb5 e5 52. b6 axb6 53.
Rxb6 e4 54. Rb4+ Ke3 55. Rb8 Ke2 56. Re8 e3 57. Re6 Kf2 58. Rf6+ Ke1 59. Kg2
h3+ 60. Kg1 e2 61. Ra6 Rg7+ 62. Kh1 Rg4 63. Kh2 Kf2 64. Kxh3 Re4 65. Ra2 Kf1
0-1

[Event "Championnat de Paris"]
[Site "Paris FRA"]
[Date "2006.07.14"]
[Round "7"]
[White "Jovanic, Ognjen"]
[Black "Draoui, Najib"]
[Result "1-0"]
[WhiteElo "2464"]
[BlackElo "2379"]
[PlyCount "81"]
[EventDate "2006.??.??"]

1. d4 d5 2. c4 c6 3. Nc3 Nf6 4. e3 a6 5. Qc2 e6 6. Nf3 c5 7. a3 cxd4 8. exd4
dxc4 9. Bxc4 b5 10. Ba2 Bb7 11. Qe2 b4 12. axb4 Bxb4 13. O-O O-O 14. Bg5 Be7
15. Rfe1 Ra7 16. Rad1 Qa5 17. Ne5 Kh8 18. Bb1 Nbd7 19. h4 Ba8 20. Qd3 g6 21.
Bh6 Nxe5 22. Rxe5 Qb4 23. Bxf8 Bxf8 24. Re2 Kg7 25. Ba2 Qa5 26. Qe3 Rd7 27. Qe5
Qd8 28. Red2 Bd6 29. Qe2 Qa5 30. d5 exd5 31. Rd4 Bc5 32. Ra4 Qc7 33. Rxa6 Bb7
34. Rxf6 Kxf6 35. Bxd5 Bc8 36. Ne4+ Kg7 37. Nxc5 Qxc5 38. Qe5+ f6 39. Qe6 Qf8
40. Rc1 Qd8 41. Bf3 1-0

[Event "Championnat de Paris"]
[Site "Paris FRA"]
[Date "2006.07.14"]
[Round "7"]
[White "Tregubov, Pavel V"]
[Black "Bellaiche, Anthony"]
[Result "1-0"]
[WhiteElo "2594"]
[BlackElo "2482"]
[PlyCount "55"]
[EventDate "2006.??.??"]

1. d4 Nf6 2. c4 g6 3. Nc3 Bg7 4. e4 d6 5. Nge2 O-O 6. Ng3 c5 7. d5 e6 8. Be2
exd5 9. exd5 Ne8 10. Bf4 h6 11. h4 f5 12. Qd2 Kh7 13. Bd3 Na6 14. O-O-O Nac7
15. Rde1 b5 16. cxb5 a6 17. b6 Nb5 18. b7 Bxb7 19. h5 g5 20. Nxf5 Rxf5 21.
Bxf5+ Kh8 22. Bg3 Nd4 23. Bg6 Nf6 24. f4 g4 25. f5 Qf8 26. Re6 Nxe6 27. fxe6
Ng8 28. Bf7 1-0

[Event "Championnat de Paris"]
[Site "Paris FRA"]
[Date "2006.07.14"]
[Round "7"]
[White "Drasko, Milan"]
[Black "Monroy, Charles"]
[Result "1-0"]
[WhiteElo "2521"]
[BlackElo "2388"]
[PlyCount "55"]
[EventDate "2006.??.??"]

1. d4 Nf6 2. c4 e6 3. Nc3 Bb4 4. Qc2 O-O 5. a3 Bxc3+ 6. Qxc3 b5 7. cxb5 c6 8.
Bg5 cxb5 9. e3 Bb7 10. f3 a6 11. Bd3 d6 12. Ne2 Nbd7 13. O-O Rc8 14. Qd2 e5 15.
Bf5 Rc7 16. Rad1 h6 17. Bh4 Re8 18. e4 d5 19. Ng3 exd4 20. Nh5 g5 21. Bxg5 hxg5
22. Qxg5+ Kf8 23. Qh6+ Ke7 24. e5 Rh8 25. exf6+ Kd6 26. Qf4+ Kc6 27. Rc1+ Kb6
28. Qxd4+ 1-0

[Event "Championnat de Paris"]
[Site "Paris FRA"]
[Date "2006.07.14"]
[Round "7"]
[White "Fedorchuk, Sergey A"]
[Black "Landa, Konstantin"]
[Result "1-0"]
[WhiteElo "2592"]
[BlackElo "2584"]
[PlyCount "75"]
[EventDate "2006.??.??"]

1. e4 e5 2. Nf3 Nf6 3. Nxe5 d6 4. Nf3 Nxe4 5. Nc3 Nxc3 6. dxc3 Be7 7. Bf4 O-O
8. Qd2 Nd7 9. O-O-O Nc5 10. Be3 c6 11. Bxc5 dxc5 12. Qf4 Qa5 13. Bd3 Bf6 14. a3
Be6 15. Ng5 Bxg5 16. Qxg5 Rfd8 17. Rhe1 Qc7 18. Qxc5 Qxh2 19. Qe3 Qh6 20. Qxh6
gxh6 21. Re3 Rd5 22. Rh1 Rg5 23. f4 Rxg2 24. f5 Bd7 25. Re7 Rd8 26. f6 Bg4 27.
Rxh6 Bf5 28. Rxb7 a5 29. Ra7 Bg6 30. Ra6 c5 31. c4 Re8 32. Rh1 h5 33. Rxa5 Re5
34. Ra7 h4 35. Ra8+ Kh7 36. Ra6 Rf2 37. Rd6 Kh6 38. a4 1-0

[Event "Championnat de Paris"]
[Site "Paris FRA"]
[Date "2006.07.14"]
[Round "7"]
[White "Onkoud, Abdelaziz"]
[Black "Salaun, Yann"]
[Result "0-1"]
[WhiteElo "2427"]
[BlackElo "2312"]
[PlyCount "96"]
[EventDate "2006.??.??"]

1. g3 d5 2. Bg2 c6 3. f4 g6 4. Nf3 Bg7 5. c3 Nd7 6. O-O e5 7. fxe5 Nxe5 8. Nxe5
Bxe5 9. d4 Bg7 10. e4 dxe4 11. Bxe4 Be6 12. Bg2 Ne7 13. Nd2 O-O 14. Ne4 Bd5 15.
Bg5 Bxe4 16. Bxe4 h6 17. Be3 Nd5 18. Bf2 Qd7 19. Qf3 Rae8 20. Rae1 h5 21. Bc2
b5 22. Rxe8 Rxe8 23. Re1 Rxe1+ 24. Bxe1 Qe6 25. Bd2 Bf6 26. Qe4 Qd7 27. Bd3 Qd8
28. h4 Kg7 29. Kg2 a6 30. Bc2 Qd7 31. Bd1 Ne7 32. Bf3 a5 33. Be3 a4 34. a3 Nd5
35. Bf4 Be7 36. Qe5+ Bf6 37. Qd6 Qxd6 38. Bxd6 g5 39. Be5 Bxe5 40. dxe5 g4 41.
Bxd5 cxd5 42. Kf2 Kg6 43. Ke3 Kf5 44. Kd4 Ke6 45. Kc5 Kxe5 46. Kxb5 f5 47. Kxa4
f4 48. gxf4+ Kd6 0-1

[Event "Championnat de Paris"]
[Site "Paris FRA"]
[Date "2006.07.14"]
[Round "7"]
[White "David, Alberto"]
[Black "Karr, Jean Philippe"]
[Result "0-1"]
[WhiteElo "2546"]
[BlackElo "2394"]
[PlyCount "72"]
[EventDate "2006.??.??"]

1. e4 c5 2. Nf3 Nc6 3. Bb5 g6 4. Bxc6 dxc6 5. d3 Bg7 6. h3 Nf6 7. Nc3 O-O 8.
Bf4 Nd7 9. Qd2 e5 10. Bh6 Qe7 11. Bxg7 Kxg7 12. O-O-O f6 13. Nh2 Rf7 14. Ng4 b5
15. Kb1 Nb6 16. Ne2 a5 17. f4 Bxg4 18. hxg4 exf4 19. Nxf4 Kg8 20. Rh6 a4 21. g5
a3 22. Nxg6 hxg6 23. Rxg6+ Kf8 24. gxf6 Qe5 25. d4 cxd4 26. Qh6+ Ke8 27. Rg5
Qd6 28. Qh5 Qxf6 29. Rf5 Qg7 30. Rdf1 Raa7 31. e5 Qh7 32. Qxh7 Rxh7 33. e6 Nc4
34. Rf8+ Ke7 35. R8f7+ Kxe6 36. R1f6+ Ke5 0-1

[Event "Championnat de Paris"]
[Site "Paris FRA"]
[Date "2006.07.14"]
[Round "7"]
[White "Pira, Davoud"]
[Black "Guliyev, Namig"]
[Result "0-1"]
[WhiteElo "2386"]
[BlackElo "2543"]
[PlyCount "80"]
[EventDate "2006.??.??"]

1. c4 e5 2. g3 Nf6 3. Bg2 Nc6 4. Nc3 Bb4 5. Nf3 O-O 6. O-O e4 7. Ng5 Bxc3 8.
bxc3 Re8 9. f3 e3 10. d3 d5 11. cxd5 Nxd5 12. Ne4 f5 13. Qb3 Na5 14. Qa3 b6 15.
c4 fxe4 16. cxd5 exf3 17. Rxf3 Bb7 18. Qc3 Bxd5 19. Bb2 Re7 20. Rxe3 Bxg2 21.
Kxg2 c5 22. Rf1 Qd7 23. Rxe7 Qxe7 24. e4 Re8 25. Rf5 h6 26. h4 Kh7 27. Qc2 Nb7
28. Qf2 Nd8 29. Qf4 Ne6 30. Qg4 Qd7 31. Rd5 Qa4 32. Qf5+ Kg8 33. Qg6 Re7 34.
Bf6 Rf7 35. Rd6 Rxf6 36. Qg4 Qxa2+ 37. Kh3 Qe2 38. Qf3 Kh7 39. Qg4 Kg8 40. h5
Ng5+ 0-1

[Event "Championnat de Paris"]
[Site "Paris FRA"]
[Date "2006.07.14"]
[Round "7"]
[White "Marzolo, Cyril"]
[Black "Shchekachev, Andrei"]
[Result "1/2-1/2"]
[WhiteElo "2440"]
[BlackElo "2593"]
[PlyCount "48"]
[EventDate "2006.??.??"]

1. d4 Nf6 2. c4 e6 3. Nf3 b6 4. g3 Ba6 5. b3 Bb7 6. Bg2 Bb4+ 7. Bd2 a5 8. O-O
O-O 9. Nc3 d6 10. Qc2 Nbd7 11. Ng5 Bxg2 12. Kxg2 c5 13. a3 Bxc3 14. Bxc3 Qc7
15. Qd3 cxd4 16. Bxd4 e5 17. Be3 h6 18. Ne4 Qc6 19. f3 Nxe4 20. Qxe4 Qxe4 21.
fxe4 Nc5 22. Bxc5 bxc5 23. a4 Rfb8 24. Rf3 Rb6 1/2-1/2

[Event "Championnat de Paris"]
[Site "Paris FRA"]
[Date "2006.07.14"]
[Round "7"]
[White "Kazhgaleyev, Murtas"]
[Black "Evdokimov, Alexander A"]
[Result "1-0"]
[WhiteElo "2606"]
[BlackElo "2500"]
[PlyCount "67"]
[EventDate "2006.??.??"]

1. d4 Nf6 2. c4 g6 3. Nc3 Bg7 4. e4 d6 5. h3 O-O 6. Bg5 a6 7. Nf3 c5 8. dxc5
Qa5 9. Bd3 dxc5 10. O-O Nc6 11. Nd5 Qd8 12. Re1 Be6 13. Qb3 b5 14. Rad1 Rb8 15.
Qa3 Nd7 16. Bf4 Ra8 17. e5 Kh8 18. Be4 bxc4 19. Ng5 Nd4 20. Qg3 Bxd5 21. Bxd5
e6 22. Bxa8 Qxa8 23. Ne4 Qc6 24. Nd6 Nb6 25. Be3 Qd5 26. Bxd4 cxd4 27. Qa3 a5
28. Qf3 Qxf3 29. gxf3 d3 30. Re4 Kg8 31. f4 f5 32. exf6 Bxf6 33. Nxc4 Bxb2 34.
Rxd3 1-0

[Event "Championnat de Paris"]
[Site "Paris FRA"]
[Date "2006.07.14"]
[Round "7"]
[White "Badev, Kiril"]
[Black "Shirazi, Kamran"]
[Result "0-1"]
[WhiteElo "2340"]
[BlackElo "2429"]
[PlyCount "50"]
[EventDate "2006.??.??"]

1. e4 e5 2. Nc3 Nc6 3. g3 f5 4. exf5 Nf6 5. d3 d5 6. g4 h5 7. g5 Ng8 8. Bh3 Nd4
9. Nf3 Qd6 10. Nxd4 exd4 11. Ne2 Ne7 12. Nxd4 Qe5+ 13. Be3 Nxf5 14. Bxf5 Bxf5
15. Nxf5 Qxf5 16. Qe2 O-O-O 17. d4 Re8 18. h4 Bb4+ 19. c3 Bd6 20. O-O-O Re4 21.
Qf1 Rf8 22. Qh3 Rg4 23. Rhg1 g6 24. Rde1 Re8 25. Kd2 Rxe3 0-1

[Event "Championnat de Paris"]
[Site "Paris FRA"]
[Date "2006.07.14"]
[Round "7"]
[White "Chabanon, Jean Luc"]
[Black "Bauer, Christian"]
[Result "1/2-1/2"]
[WhiteElo "2404"]
[BlackElo "2599"]
[PlyCount "86"]
[EventDate "2006.??.??"]

1. d4 Nf6 2. c4 e6 3. Nf3 d5 4. Nc3 c6 5. cxd5 exd5 6. Bg5 Bf5 7. e3 Qb6 8. Bd3
Qxb2 9. O-O Bg4 10. Na4 Qa3 11. Bxf6 gxf6 12. e4 dxe4 13. Bxe4 Na6 14. h3 Be6
15. Rc1 Nb4 16. Nc5 Bxc5 17. dxc5 Nxa2 18. Ra1 Qxc5 19. Nd4 Nc3 20. Nxe6 fxe6
21. Qf3 Nxe4 22. Qxe4 O-O 23. Qxe6+ Rf7 24. Rfe1 Qd5 25. Qe3 Rg7 26. g3 a6 27.
Rad1 Qf5 28. Rd6 Rf8 29. h4 Kh8 30. Qb3 a5 31. Qa3 Rgf7 32. Re3 Kg7 33. Kg2 Ra8
34. Rd4 b5 35. Qd6 b4 36. Rf3 Qc8 37. h5 c5 38. h6+ Kg8 39. Re4 Qf8 40. Qd5 Rd8
41. Qa2 Kh8 42. Qxa5 Rb8 43. Qa2 Re7 1/2-1/2

[Event "Championnat de Paris"]
[Site "Paris FRA"]
[Date "2006.07.15"]
[Round "8"]
[White "Shirazi, Kamran"]
[Black "Salaun, Yann"]
[Result "0-1"]
[WhiteElo "2629"]
[BlackElo "2312"]
[PlyCount "166"]
[EventDate "2006.??.??"]

1. e4 e5 2. Nf3 Nc6 3. Nc3 Nf6 4. Bb5 Bd6 5. d3 a6 6. Ba4 Ne7 7. Bb3 c5 8. g4
b5 9. Ng5 c4 10. dxc4 Bb4 11. c5 O-O 12. f4 d5 13. cxd6 Bxg4 14. Qd3 Qxd6 15.
O-O Ng6 16. Nd5 Nxd5 17. Bxd5 Ra7 18. Qg3 Be2 19. fxe5 Qxe5 20. Qxe5 Nxe5 21.
Rf5 Re7 22. Bf4 Bd6 23. Be3 h6 24. Nh3 Bg4 25. Nf2 Nf3+ 26. Rxf3 Bxf3 27. Bd4
Rd8 28. Re1 Kh7 29. Re3 Bh5 30. c3 Bf4 31. Rh3 Be2 32. Nd3 Bxd3 33. Rxd3 Be5
34. Bc5 Red7 35. b3 Rc8 36. Bb4 Rc6 37. c4 bxc4 38. bxc4 Rb6 39. a3 Rg6+ 40.
Kh1 Rc7 41. Rf3 Kg8 42. Ba5 Bd4 43. h4 Ra7 44. Kh2 h5 45. Rf5 Rg4 46. Rxh5 g6
47. Rg5 Rxh4+ 48. Kg3 Rh6 49. Bc6 Kg7 50. Rd5 Rh5 51. Kg4 Re7 52. Kf3 Rh3+ 53.
Kg2 Rxa3 54. Bb4 Ra2+ 55. Kf3 Rf2+ 56. Kg3 Rxe4 57. Bc3 Bxc3 58. Kxf2 Rxc4 59.
Bb7 a5 60. Rd7 Rf4+ 61. Ke3 Rf5 62. Kd3 Bb4 63. Kc4 Rf4+ 64. Kb5 g5 65. Rd5 Kg6
66. Rd8 f5 67. Bd5 g4 68. Kc6 Kg5 69. Kd7 Rf2 70. Rg8+ Kf6 71. Kc6 Rc2+ 72. Kb6
Ke5 73. Bb3 Rc3 74. Ba4 Kf4 75. Bd7 Rc5 76. Rg7 Rd5 77. Bc8 a4 78. Bb7 Re5 79.
Rh7 a3 80. Rh2 Bc3 81. Ba6 Re6+ 82. Kb7 Rxa6 83. Kxa6 Bb2 0-1

[Event "Championnat de Paris"]
[Site "Paris FRA"]
[Date "2006.07.15"]
[Round "8"]
[White "Rohit, G."]
[Black "Leconte, Maria"]
[Result "0-1"]
[WhiteElo "2401"]
[BlackElo "2304"]
[PlyCount "140"]
[EventDate "2006.??.??"]

1. e4 e6 2. d4 d5 3. Nc3 Nf6 4. Bg5 Bb4 5. e5 h6 6. Be3 Ne4 7. Qg4 g6 8. a3
Bxc3+ 9. bxc3 Nxc3 10. Bd3 Nc6 11. h4 Qe7 12. Bd2 Ne4 13. Bxe4 dxe4 14. Qxe4
Qd7 15. Nf3 b6 16. Qf4 Ba6 17. Qf6 Rh7 18. O-O-O Ne7 19. h5 g5 20. Nxg5 hxg5
21. Bxg5 Nd5 22. Qf3 Qa4 23. Rh3 Kd7 24. Qe4 Rxh5 25. Qf3 Rxh3 26. Qxf7+ Kc8
27. Qxe6+ Qd7 28. Qxh3 Qxh3 29. gxh3 Kd7 30. h4 Rf8 31. h5 Rxf2 32. Rh1 Rf7 33.
h6 Rh7 34. Rh2 Ke6 35. Rf2 c5 36. c3 Bd3 37. Rf8 c4 38. Kd2 Rf7 39. Re8+ Kf5
40. e6 Rh7 41. e7 Ke6 42. Ra8 Nxe7 43. Rxa7 Nd5 44. Rxh7 Bxh7 45. a4 Kd7 46.
Bh4 Kc6 47. Be1 Kb7 48. Kc1 Ka6 49. Kb2 Ka5 50. Ka3 Be4 51. Bd2 Ka6 52. Be1 Kb7
53. Kb2 Kc6 54. Kc1 Kd7 55. Kd2 Ke6 56. Bh4 Kf7 57. Bd8 Kg6 58. a5 bxa5 59.
Bxa5 Kxh6 60. Bd8 Kh5 61. Ba5 Kg4 62. Bd8 Bf5 63. Ba5 Kf3 64. Bd8 Be6 65. Bg5
Nf4 66. Kc2 Nh3 67. Bh6 Ke2 68. Bf8 Nf2 69. Bg7 Bd5 70. Bf6 Nd1 0-1

[Event "Championnat de Paris"]
[Site "Paris FRA"]
[Date "2006.07.15"]
[Round "8"]
[White "Fridman, Daniel"]
[Black "Tregubov, Pavel V"]
[Result "1/2-1/2"]
[WhiteElo "2569"]
[BlackElo "2594"]
[PlyCount "49"]
[EventDate "2006.??.??"]

1. d4 Nf6 2. c4 c5 3. d5 b5 4. cxb5 a6 5. b6 e6 6. Nc3 Nxd5 7. Nxd5 exd5 8.
Qxd5 Nc6 9. Nf3 Rb8 10. e4 Be7 11. Bc4 O-O 12. O-O Rxb6 13. Bd2 d6 14. Bc3 Be6
15. Qd3 Bxc4 16. Qxc4 Bf6 17. Rfe1 Bxc3 18. bxc3 Qf6 19. Rab1 Rfb8 20. Rxb6
Rxb6 21. h3 h6 22. e5 Nxe5 23. Nxe5 dxe5 24. Qxc5 Rc6 25. Qxe5 1/2-1/2

[Event "Championnat de Paris"]
[Site "Paris FRA"]
[Date "2006.07.15"]
[Round "8"]
[White "Chabanon, Jean Luc"]
[Black "Drasko, Milan"]
[Result "1/2-1/2"]
[WhiteElo "2404"]
[BlackElo "2521"]
[PlyCount "81"]
[EventDate "2006.??.??"]

1. d4 e6 2. c4 Nf6 3. Nf3 Bb4+ 4. Bd2 c5 5. Bxb4 cxb4 6. Qd3 d6 7. Nbd2 O-O 8.
e4 Nc6 9. Be2 e5 10. O-O Bg4 11. d5 Ne7 12. a3 Qb6 13. axb4 Bxf3 14. Bxf3 Qxb4
15. Ra3 Qb6 16. b4 Nd7 17. Bg4 Nf6 18. Bh3 Ng6 19. g3 Qxb4 20. Rb1 Qc5 21. Rxb7
Rfb8 22. Rb5 Rxb5 23. cxb5 Rb8 24. Rc3 Qxb5 25. Rc8+ Nf8 26. Qxb5 Rxb5 27. Rd8
Rb2 28. Nc4 Rb1+ 29. Kg2 Nxe4 30. Bf5 Rc1 31. Nxe5 dxe5 32. Bxe4 g6 33. d6 Rd1
34. Bc6 Kg7 35. d7 Rd4 36. h4 a5 37. Kf1 Ne6 38. Re8 Kf6 39. Kg2 h6 40. Kf1 Rd6
41. Kg2 1/2-1/2

[Event "Championnat de Paris"]
[Site "Paris FRA"]
[Date "2006.07.15"]
[Round "8"]
[White "Fedorchuk, Sergey A"]
[Black "Moradiabadi, Elshan"]
[Result "1-0"]
[WhiteElo "2592"]
[BlackElo "2502"]
[PlyCount "79"]
[EventDate "2006.??.??"]

1. e4 e5 2. Nf3 Nc6 3. Bb5 a6 4. Ba4 Nf6 5. O-O b5 6. Bb3 Bc5 7. a4 Rb8 8. d3
d6 9. Be3 Bxe3 10. fxe3 O-O 11. axb5 axb5 12. Nc3 Be6 13. Nd2 b4 14. Ne2 Nd7
15. Ng3 Qg5 16. Qe1 Nc5 17. Nf3 Qe7 18. Bd5 Nd8 19. Ra7 Qd7 20. d4 Na4 21. Bb3
Nb6 22. d5 Bg4 23. Qxb4 Nb7 24. Ba4 Nxa4 25. Rxb7 Rxb7 26. Qxb7 Nc5 27. Qa7 f5
28. Nxe5 dxe5 29. Qxc5 f4 30. exf4 exf4 31. Nf5 f3 32. Nh4 Re8 33. Nxf3 Rxe4
34. Ne5 Qd8 35. Nxg4 Rxg4 36. Qe3 h5 37. h3 Rg6 38. c4 Kh7 39. b3 Qh4 40. Kh2
1-0

[Event "Championnat de Paris"]
[Site "Paris FRA"]
[Date "2006.07.15"]
[Round "8"]
[White "Draoui, Najib"]
[Black "Peyrat, Olivier"]
[Result "1-0"]
[WhiteElo "2379"]
[BlackElo "2251"]
[PlyCount "57"]
[EventDate "2006.??.??"]

1. e4 c6 2. d4 d5 3. Nc3 dxe4 4. Nxe4 Nd7 5. Nf3 Ngf6 6. Nxf6+ Nxf6 7. Ne5 Be6
8. c3 g6 9. Bd3 Bg7 10. O-O O-O 11. Re1 Rc8 12. Qa4 a6 13. Qa3 Qd6 14. b4 Ng4
15. Bf4 Nxe5 16. Bxe5 Bxe5 17. Rxe5 Rcd8 18. Rae1 Qc7 19. Qc1 Rd5 20. Qh6 Rxe5
21. Rxe5 Bg4 22. f3 f6 23. Bc4+ e6 24. Re1 b5 25. Bb3 Bf5 26. g4 Bd3 27. Bxe6+
Rf7 28. Re3 Bc4 29. Bxc4 1-0

[Event "Championnat de Paris"]
[Site "Paris FRA"]
[Date "2006.07.15"]
[Round "8"]
[White "Dizdar, Goran"]
[Black "Kazhgaleyev, Murtas"]
[Result "0-1"]
[WhiteElo "2521"]
[BlackElo "2606"]
[PlyCount "66"]
[EventDate "2006.??.??"]

1. d4 Nf6 2. Nf3 c5 3. d5 b5 4. Bg5 Qb6 5. Bxf6 Qxf6 6. c3 d6 7. e4 a6 8. a4 b4
9. cxb4 Qxb2 10. Nbd2 Qxb4 11. Rb1 Qa5 12. Bd3 Nd7 13. O-O g6 14. Nc4 Qc7 15.
e5 dxe5 16. Ng5 Bh6 17. d6 Qa7 18. Nxf7 Kxf7 19. Qf3+ Kg7 20. dxe7 Rb8 21. Qc6
Qa8 22. Qc7 Rxb1 23. Rxb1 Bg5 24. Nxe5 Bf4 25. Qd8 Nf6 26. Qc7 Re8 27. Qxc5 Qd5
28. Qxd5 Nxd5 29. Nc6 Nxe7 30. Re1 Kf8 31. Na7 Bf5 32. Bxf5 gxf5 33. Re6 Bb8
0-1

[Event "Championnat de Paris"]
[Site "Paris FRA"]
[Date "2006.07.15"]
[Round "8"]
[White "Shchekachev, Andrei"]
[Black "Jovanic, Ognjen"]
[Result "1/2-1/2"]
[WhiteElo "2593"]
[BlackElo "2464"]
[PlyCount "84"]
[EventDate "2006.??.??"]

1. Nf3 d5 2. d4 c6 3. c4 Nf6 4. Nc3 dxc4 5. a4 Bf5 6. e3 e6 7. Bxc4 Nbd7 8. O-O
Bb4 9. Qe2 Bg4 10. h3 Bh5 11. Rd1 O-O 12. e4 Qe7 13. e5 Nd5 14. Ne4 f6 15. exf6
N7xf6 16. Ng3 Bxf3 17. Qxf3 a5 18. Qe2 Qd6 19. Nf1 Kh8 20. Nh2 Nf4 21. Qc2 N6d5
22. Bf1 Rf7 23. Ng4 Raf8 24. Bd2 Rf5 25. Bxb4 Nxb4 26. Qd2 Ng6 27. Qe2 Rf4 28.
Ra3 Rxd4 29. Rxd4 Qxd4 30. Qxe6 Nf4 31. Qe7 Ng6 32. Qe6 Nf4 33. Qe5 Qxe5 34.
Nxe5 Nfd5 35. g3 g6 36. Nc4 b6 37. Ne5 Re8 38. f4 Kg7 39. Bg2 Re6 40. h4 h6 41.
Bh3 Re7 42. Bg2 Re6 1/2-1/2

[Event "Championnat de Paris"]
[Site "Paris FRA"]
[Date "2006.07.15"]
[Round "8"]
[White "Evdokimov, Alexander A"]
[Black "Pira, Davoud"]
[Result "1-0"]
[WhiteElo "2500"]
[BlackElo "2386"]
[PlyCount "77"]
[EventDate "2006.??.??"]

1. d4 Nf6 2. c4 e6 3. g3 Bb4+ 4. Bd2 a5 5. Bg2 d5 6. Nf3 c6 7. O-O b6 8. Qc2
O-O 9. Bg5 Be7 10. Nbd2 Ba6 11. b3 h6 12. Bf4 c5 13. dxc5 Bxc5 14. Ne5 Nbd7 15.
Rad1 Rc8 16. Qb2 Qe7 17. Ndf3 Ba3 18. Qd4 Bc5 19. Qb2 Rfd8 20. Nd4 Nxe5 21.
Bxe5 Ng4 22. Bxg7 Qg5 23. Bh8 dxc4 24. bxc4 f6 25. Nxe6 Bxf2+ 26. Kh1 Qh5 27.
Rxd8+ Rxd8 28. h3 Bb7 29. Nf4 Bxg2+ 30. Kxg2 Ne3+ 31. Kh1 Qf5 32. Rxf2 Kxh8 33.
Qxb6 Rd1+ 34. Kh2 Nf1+ 35. Rxf1 Rxf1 36. Qd8+ Kg7 37. Qe7+ Kg8 38. Qe8+ Kg7 39.
Ne6+ 1-0

[Event "Championnat de Paris"]
[Site "Paris FRA"]
[Date "2006.07.15"]
[Round "8"]
[White "Dourerassou, Jonathan"]
[Black "Monroy, Charles"]
[Result "1-0"]
[WhiteElo "2336"]
[BlackElo "2388"]
[PlyCount "67"]
[EventDate "2006.??.??"]

1. e4 c5 2. Nf3 d6 3. d4 cxd4 4. Nxd4 Nf6 5. Nc3 Nc6 6. Bg5 e6 7. Qd2 a6 8.
O-O-O Bd7 9. f4 b5 10. Bxf6 gxf6 11. Kb1 Qb6 12. Nxc6 Bxc6 13. f5 Qc5 14. fxe6
fxe6 15. Bd3 Bg7 16. e5 f5 17. Qg5 O-O 18. exd6 Rad8 19. Rhg1 b4 20. Ne2 Rxd6
21. g4 Qe5 22. Qc1 f4 23. Rge1 Kh8 24. Ng3 Qa5 25. Nh5 Be5 26. Bc4 Rxd1 27.
Rxd1 Bf3 28. Rd7 Rd8 29. Qd2 Bd5 30. Qe2 Be4 31. Qd2 Bd5 32. Qxb4 Bc7 33. Rxd8+
Bxd8 34. Qf8# 1-0